Principles of refrigeration

Saved in:
Bibliografiske detaljer
Hovedforfatter: Dossat, Roy J (Author)
Format: Bog
Sprog:engelsk
Udgivet: Nueva York John Wiley 1978
Udgivelse:2a. ed
Fag:
Tags: Tilføj Tag
Ingen Tags, Vær først til at tagge denne postø!

MARC

LEADER 00000nam a2200000 a 4500
001 UCU6556
003 CL-VaPUC
008 960621e19780000US |||||||||||||||||eng|d
082 0 4 |a 621.560  |b DOS  |2 21 
100 0 |a Dossat, Roy J  |e author  |9 364782 
245 1 0 |a Principles of refrigeration 
250 |a 2a. ed 
300 |a 602 p 
942 |c BK 
945 |d 19960621 00:00:00  |a cmena 
260 |a Nueva York  |b John Wiley  |c 1978 
650 0 |a Refrigeración  |9 259343 
650 7 |a TEMPERATURA  |2 CL-VaPUC  |9 364783 
650 0 |a Transmisión de calor  |9 259410 
650 0 |a Condensación  |9 360886 
650 0 |a Motores eléctricos   |9 260085 
583 |a last modification  |c 19960621 00:00:00  |k Rodrigo Vera 
999 |c 249420  |d 249418 
952 |0 0  |1 0  |4 0  |6 621_560000000000000_DOS_1978  |7 0  |8 A  |9 266669  |a BIBING  |b BIBING  |d 2019-11-19  |i 1687824  |o 621.560 DOS 1978  |p 1687824  |r 2025-01-20  |w 2019-11-19  |y BK  |k EIQ 
952 |0 0  |1 0  |4 0  |6 621_560000000000000_DOS_1978  |7 0  |8 A  |9 266670  |a BIBING  |b BIBING  |d 2019-11-19  |i 1687506  |o 621.560 DOS 1978  |p 1687506  |r 2025-01-20  |w 2019-11-19  |y BK  |k EIQ